<?xml version="1.0" encoding="UTF-8"?>
<record
    xmlns:xsi="http://www.w3.org/2001/XMLSchema-instance"
    xsi:schemaLocation="http://www.loc.gov/MARC21/slim http://www.loc.gov/standards/marcxml/schema/MARC21slim.xsd"
    xmlns="http://www.loc.gov/MARC21/slim">

  <leader>00460nam a2200133   4500</leader>
  <datafield tag="082" ind1=" " ind2=" ">
    <subfield code="a">588  MOH-B</subfield>
  </datafield>
  <datafield tag="084" ind1=" " ind2=" ">
    <subfield code="2">Colon Classification</subfield>
    <subfield code="a">I3 </subfield>
  </datafield>
  <datafield tag="100" ind1=" " ind2=" ">
    <subfield code="a">&#xD2E;&#xD4B;&#xD39;&#xD28;&#xD4D;&#x200D;&#xD26;&#xD3E;&#xD38;&#xD4D;, &#xD0E;</subfield>
    <subfield code="a">MOHANDAS, A</subfield>
  </datafield>
  <datafield tag="240" ind1=" " ind2=" ">
    <subfield code="a">Bryophytes :  Sasyalokathe Amfibiyanukal</subfield>
  </datafield>
  <datafield tag="245" ind1=" " ind2=" ">
    <subfield code="a">&#xD2C;&#xD4D;&#xD30;&#xD2F;&#xD4B;&#xD2B;&#xD48;&#xD31;&#xD4D;&#xD31;&#xD4D;&#xD38;&#xD4D; : </subfield>
    <subfield code="b">&#xD38;&#xD38;&#xD4D;&#xD2F;&#xD32;&#xD4B;&#xD15;&#xD24;&#xD4D;&#xD24;&#xD46; &#xD06;&#xD02;&#xD2B;&#xD40;&#xD2C;&#xD3F;&#xD2F;&#xD28;&#xD41;&#xD15;&#xD33;&#xD4D;&#x200D;</subfield>
  </datafield>
  <datafield tag="260" ind1=" " ind2=" ">
    <subfield code="a">Tvpm</subfield>
    <subfield code="b">SIL</subfield>
    <subfield code="c">2025</subfield>
  </datafield>
  <datafield tag="300" ind1=" " ind2=" ">
    <subfield code="a">110p.</subfield>
  </datafield>
  <datafield tag="942" ind1=" " ind2=" ">
    <subfield code="2">CC</subfield>
    <subfield code="c">GEN</subfield>
  </datafield>
  <datafield tag="999" ind1=" " ind2=" ">
    <subfield code="c">749685</subfield>
    <subfield code="d">749685</subfield>
  </datafield>
  <datafield tag="952" ind1=" " ind2=" ">
    <subfield code="0">0</subfield>
    <subfield code="1">0</subfield>
    <subfield code="2">CC</subfield>
    <subfield code="4">0</subfield>
    <subfield code="7">0</subfield>
    <subfield code="a">LIB</subfield>
    <subfield code="b">LIB</subfield>
    <subfield code="c">GEN</subfield>
    <subfield code="d">2025-06-12</subfield>
    <subfield code="l">0</subfield>
    <subfield code="o">I3  32R5</subfield>
    <subfield code="p">G45933</subfield>
    <subfield code="r">2025-06-12 15:52:30</subfield>
    <subfield code="w">2025-06-12</subfield>
    <subfield code="y">GEN</subfield>
  </datafield>
</record>
